[Event "Østlandsserien 2023/2024, 4. div. E"]
[Site "Oslo NOR"]
[Date "2024.02.04"]
[Round "4"]
[White "Brenden, Torbjørn"]
[Black "Stensland, Karianne"]
[Result "1-0"]
[WhiteElo "1623"]
[BlackElo "1249"]
[PlyCount "153"]
[EventDate "2023.10.29"]
[WhiteTeam "Follo 2"]
[BlackTeam "Stjernen 4"]

1. e4 c5 2. Nf3 g6 3. d4 b6 4. Be2 Bg7 5. c3 e6 6. O-O Ne7 7. Bg5 O-O 8. a4 a5 9. Nbd2 d6 10. Qb3 Nd7 11. Rfe1 Rb8 12. Nc4 d5 13. exd5 exd5 14. Nd6 c4 15. Qa3 Nf6 16. h3 Be6 17. Bf4 Ra8 18. Ng5 Qd7 19. Bf1 Nh5 20. Bh2 Bh6 21. Nf3 Bf4 22. Ne5 Bxh2+ 23. Kxh2 Qc7 24. g3 Rfd8 25. Nb5 Qb7 26. Bg2 Nc6 27. Nf3 Qd7 28. Re3 Nf6 29. Rae1 Ne4 30. Qa1 Nxf2 31. Ng5 Re8 32. Nxe6 fxe6 33. Rf1 Nd3 34. b3 Ne7 35. Qd1 Nf5 36. Ref3 e5 37. dxe5 Nxe5 38. Rxf5 gxf5 39. Bxd5+ Kh8 40. Bxa8 Qxd1 41. Rxd1 Rxa8 42. bxc4 Nxc4 43. Rd4 Ne3 44. Kg1 Rg8 45. Kf2 Re8 46. Nd6 Re7 47. Nc8 Re6 48. Nxb6 Rxb6 49. Kxe3 Kg7 50. Kf4 Kg6 51. Rc4 h5 52. h4 Rb3 53. Rc6+ Kg7 54. Kxf5 Ra3 55. Rc4 Ra1 56. Kg5 Rg1 57. Kf4 Rf1+ 58. Ke3 Re1+ 59. Kf2 Re5 60. Kf3 Kg8 61. Kf4 Rd5 62. Rc7 Kf8 63. Rh7 Rd3 64. Rxh5 Rxc3 65. Rxa5 Rc4+ 66. Kg5 Ke7 67. g4 Rc8 68. h5 Rg8+ 69. Kh4 Rf8 70. Ra6 Rf4 71. Kg5 Re4 72. Ra7+ Kf8 73. h6 Re5+ 74. Kh4 Kg8 75. g5 Re4+ 76. Kh5 Kf8 77. h7 1-0

[Event "Østlandsserien 2023/2024, 4. div. E"]
[Site "Oslo NOR"]
[Date "2024.02.04"]
[Round "4"]
[White "Schneider, Andrea"]
[Black "Smith, Robert M"]
[Result "0-1"]
[WhiteElo "1290"]
[BlackElo "1464"]
[PlyCount "92"]
[EventDate "2024.??.??"]
[WhiteTeam "Stjernen 4"]
[BlackTeam "Follo 2"]

1. d4 Nf6 2. c4 e6 3. Nc3 Bb4 4. Qc2 O-O 5. Bg5 d5 6. a3 Bxc3+ 7. Qxc3 dxc4 8. Qxc4 b6 9. Nf3 Ba6 10. Qc2 Nbd7 11. g3 h6 12. Bf4 Rc8 13. Qa4 Bb7 14. Bg2 c5 15. O-O Bc6 16. Qxa7 Nd5 17. Bd6 Ra8 18. Ne5 Nxe5 19. Qxa8 Bxa8 20. dxe5 Re8 21. Rfd1 Qc8 22. Rac1 Qa6 23. e4 Ne7 24. Bf1 Qb7 25. f3 Nc8 26. Bb5 Nxd6 27. Rxd6 Rc8 28. Rd7 Qb8 29. Rcd1 Kh7 30. R1d6 Rc7 31. Rd8 Qa7 32. a4 Qa5 33. Kg2 c4 34. Kh3 Bb7 35. R8d7 Rxd7 36. Rxd7 Bxe4 37. fxe4 c3 38. bxc3 Qxc3 39. Rxf7 Qxe5 40. Rb7 Qxe4 41. Rxb6 g5 42. Rd6 g4+ 43. Kh4 Kg7 44. Rd7+ Kf6 45. Rd8 Qg6 46. Rf8+ Kg7 0-1

[Event "Østlandsserien 2023/2024, 5. div."]
[Site "Oslo NOR"]
[Date "2024.02.04"]
[Round "4"]
[White "Skillestad, Sverre"]
[Black "Sponnich, Atle"]
[Result "0-1"]
[WhiteElo "1270"]
[BlackElo "1439"]
[PlyCount "78"]
[EventDate "2023.10.29"]
[WhiteTeam "Follo 3"]
[BlackTeam "OSS 8"]

1. d4 d5 2. c4 Nf6 3. Nf3 c5 4. g3 Nc6 5. Bg2 Bg4 6. O-O e6 7. Nc3 Be7 8. Re1
O-O 9. dxc5 Bxc5 10. e4 dxc4 11. Qxd8 Raxd8 12. e5 Nd5 13. Ne4 Be7 14. Ned2
Ndb4 15. Re4 Bxf3 16. Nxf3 Nc2 17. Rb1 Rd1+ 18. Bf1 b5 19. a4 a6 20. Kg2 N6d4
21. Nxd4 Nxd4 22. Be2 Nxe2 23. Rxe2 Rfd8 24. Rc2 Bb4 25. axb5 axb5 26. b3 c3
27. Ra1 h6 28. Raa2 Re1 29. Be3 Rb1 30. Bb6 Rd2 31. Be3 Rxc2 32. Rxc2 Rxb3 33.
Bd4 Ba5 34. Kf3 b4 35. Ke4 Rb1 36. Kd3 b3 37. Re2 Rd1+ 38. Kc4 Rxd4+ 39. Kxd4
c2 0-1

[Event "Østlandsserien 2023/2024, 5. div."]
[Site "Oslo NOR"]
[Date "2024.02.04"]
[Round "4"]
[White "Frafjord, Jone"]
[Black "Hrituleac, Kosta"]
[Result "1-0"]
[WhiteElo "1426"]
[BlackElo "1357"]
[PlyCount "45"]
[EventDate "2023.10.29"]
[WhiteTeam "OSS 8"]
[BlackTeam "Follo 3"]

1. e4 c6 2. Nf3 d5 3. Nc3 dxe4 4. Nxe4 Nf6 5. Qe2 Nxe4 6. Qxe4 Nd7 7. Bc4 Nf6
8. Ne5 e6 9. Qe2 Bd6 10. d4 O-O 11. Bg5 h6 12. Bh4 Be7 13. c3 Nd7 14. Bxe7 Qxe7
15. O-O-O b5 16. Nxc6 Qg5+ 17. f4 Qxf4+ 18. Kb1 bxc4 19. Rdf1 Qc7 20. Qxc4 Nb6
21. Qc5 Qd7 22. Ne7+ Kh8 23. Ng6+ 1-0

[Event "Østlandsserien 2023/2024, 2. div. B"]
[Site "Lillestrøm, Akershus NOR"]
[Date "2024.03.09"]
[Round "6"]
[White "Aamodt, Peder Marcus"]
[Black "Kvam, Audun"]
[Result "1-0"]
[WhiteElo "1941"]
[BlackElo "2032"]
[PlyCount "0"]
[WhiteTeam "Follo 1"]
[BlackTeam "Lillestrøm"]

1. d4 b6 2. e4 Bb7 3. Bd3 Nf6 4. Qe2 Nc6 5. c3 e5 6. Nf3 exd4 7. e5 Nd5 8. Be4 Nde7 9. cxd4 Ng6 10. h4 Bb4+ 11. Nc3 Qe7 12. h5 Nf8 13. O-O Bxc3 14. bxc3 O-O-O 15. a4 a5 16. Ba3 Qe8 17. c4 f6 18. c5 fxe5 19. d5 Nd4 20. Nxd4 exd4 21. cxb6 c6 22. Bd6 d3 23. Qg4 cxd5 24. Rac1+  1-0

[Event "Østlandsserien 2023/2024, 2. div. B"]
[Site "Lillestrøm, Akershus NOR"]
[Date "2024.03.09"]
[Round "6"]
[White "Pronstad, Thomas"]
[Black "Lange, David"]
[Result "1/2-1/2"]
[WhiteElo "1979"]
[BlackElo "1994"]
[PlyCount "57"]
[WhiteTeam "Lillestrøm"]
[BlackTeam "Follo 1"]

1. Nf3 d5 2. d4 Nf6 3. c4 e6 4. Nc3 Nbd7 5. e3 b6 6. Bd3 Bb7 7. O-O Be7 8. b3
O-O 9. Bb2 Ne4 10. cxd5 exd5 11. Qc2 Ndf6 12. Ne5 c5 13. f3 Nxc3 14. Bxc3 Rc8
15. Qd2 cxd4 16. Bxd4 Bc5 17. Bf5 Rc7 18. Rac1 Qd6 19. Rfd1 Re8 20. Nd3 Bxd4
21. exd4 Bc8 22. Rxc7 Qxc7 23. Rc1 Qb8 24. Bxc8 Rxc8 25. Rc3 Qb7 26. Qc2 Rxc3
27. Qxc3 h6 28. Ne5 a5 29. Kf2 1/2-1/2

[Event "Østlandsserien 2023/2024, 2. div. B"]
[Site "Lillestrøm, Akershus NOR"]
[Date "2024.03.09"]
[Round "6"]
[White "Lange, Holger"]
[Black "Spreemann, Tarek"]
[Result "0-1"]
[WhiteElo "1873"]
[BlackElo "1952"]
[Annotator "Lange,Holger"]
[PlyCount "92"]
[WhiteTeam "Follo 1"]
[BlackTeam "Lillestrøm"]

1. e4 g6 2. d4 Bg7 3. c4 c5 4. Nf3 cxd4 5. Nxd4 Nc6 6. Nb3 Nf6 7. Nc3 O-O 8.
Be2 d6 9. O-O b6 10. Be3 Bb7 11. f3 Rc8 12. Rc1 $11 {Det finnes fortsatt 10
partier med denne åpningen i Chessbase database, med resultat 6,5/10 for hvit}
h5 $6 {Overrasket meg (og datamaskinen). Motstanderen snakket om Kh7 for å
unngå løperbytte etter Dd2 og Lh6} 13. Qd2 Kh7 14. Rfd1 {Utrolig nok mener
Stockfish at} (14. Na1 $5 {er best her!}) 14... Rc7 $6 {for å fordoble i d
linja. Stockfish liker ikke trekket, og jeg ble plutselig optimistisk og
syntes å ha en ganske bra stilling} 15. Nb5 Rd7 $16 16. N5d4 $2 {dette er
feil springer på riktig felt! Bonde c4 trenger beskyttelse snart} Ne5 17. Nb5
Qa8 18. Nc3 $2 {a4, S3d4, S5d4 fører til omtrent +1 for hvit. Fordelen
forsvinner etter dette svake trekket.} Rc8 19. Nd5 Ba6 20. Qb4 $6 Nxd5 {
hadde rett og slett oversett at cxd5 er umuig nå. Blant de to resterende
trekk valgte jeg den svakeste:} 21. Rxd5 $4 Rdc7 22. Nd2 $4 {to veldig svake
trekk rett etter hverandre er nok for å forvandle stilling til klar fordel
for svart :-(} Bb7 23. Rb5 Bc6 24. b3 $4 {det var ikke min dag i dag. Kvalitet
går tapt uansett, men a4 er likevel mye bedre enn dette} ({interessant er
også} 24. f4 Bxb5 25. fxe5 Bc6 26. exd6 exd6 27. Bd3) 24... Bxb5 25. Qxb5 Qc6
$2 (25... Rc5 $1 26. Qb4 (26. Bxc5 Rxc5 27. Qb4 Nc6 28. Qa3 Ra5 {0 - 1}) 26...
Nc6 27. Qa4 Ra5 {0 - 1}) 26. Qb4 Qd7 27. Rd1 Nc6 28. Qa3 Nd4 29. Bd3 Ne6 30.
Nf1 Qc6 31. Kh1 Bd4 32. Bd2 Bc5 33. Qc1 Bd4 34. Qa3 Qc5 35. Bb4 Qe5 36. Qc1 b5
37. Qb1 $4 (37. Ne3 bxc4 38. Bxc4 Bxe3 39. Qxe3 {og hvit lever litt til}) 37...
bxc4 38. Bxc4 Rb8 $6 {trekke Lb4 nå, går løperen på c4 tapt} (38... Rxc4
39. bxc4 Rb8 40. Qb3 a5 {0 - 1}) 39. Bxe6 fxe6 40. Be1 Rbc8 41. Bg3 Qf6 42. Nd2
h4 43. Be1 (43. e5 $5 Qg5 44. Ne4 Qc1 $1) 43... h3 $1 44. gxh3 Rc2 45. Bh4 Qxh4
46. Nc4 Qf2 0-1

[Event "Østlandsserien 2023/2024, 2. div. B"]
[Site "Lillestrøm, Akershus NOR"]
[Date "2024.03.09"]
[Round "6"]
[White "Chikwati, Elvis"]
[Black "Kielland-Lund, Jon"]
[Result "1-0"]
[WhiteElo "1854"]
[BlackElo "1839"]
[Annotator "Tactical Analysis 5.3 (5s)"]
[PlyCount "103"]
[EventDate "2023.10.29"]
[WhiteTeam "Lillestrøm"]
[BlackTeam "Follo 1"]

1. Nf3 d5 2. c4 c6 3. b3 Nf6 4. g3 g6 5. Bg2 Bg7 6. Bb2 Bf5 7. d3 O-O 8. Nbd2 Na6 9. O-O {White is slightly better.} Nc7 10. Qc2 Bg4 11. e4 Bxf3 {[%eval 80,23]} (11... dxe4 $14 {[%eval 31,18]} 12. dxe4 (12. Nxe4 Bxf3 13. Bxf3 Ne6 $11) 12... Nd7) 12. Nxf3 $16 ({Of course not} 12. Bxf3 dxe4 13. dxe4 (13. Nxe4 Ne6 $11) 13... Ne6 $11) 12... e6 13. Rac1 Rc8 {[%eval 135,18] [#]} (13... Qe7 $142 {[%eval 74,19]}) 14. Bh3 {[%eval 73,19] This bishop pair is nice.} (14. e5 $142 $1 {[%eval 135,18][%cal Re5f6]} Nd7 15. Rfe1) 14... Qe7 15. Rfe1 dxc4 16. dxc4 c5 17. Rcd1 Rfd8 18. e5 Nfe8 19. Qe4 Na6 20. Bg2 {White is much more active.} Nb4 21. a3 Nc6 22. h4 {[%eval 39,22]} (22. Bc3 $16 {[%eval 73,21]}) 22... Rxd1 $14 23. Rxd1 Rd8 24. Rd3 Rxd3 25. Qxd3 Qd8 {[%eval 83,25]} (25... h5 $14 {[%eval 52,23] is superior.}) 26. Qe3 {[%eval 16,24]} (26. Qxd8 $16 {[%eval 83,25]} Nxd8 27. Ne1) 26... Qd1+ $11 27. Kh2 Qc2 28. Bc1 Nd4 {[%eval 36,23]} (28... Na5 $11 {[%eval 5,24]}) 29. Nxd4 $14 cxd4 30. Qd2 Qxd2 31. Bxd2 {[%mdl 4096] Endgame KBB-KBN} b6 {[%eval 109,26]} (31... b5 $11 {[%eval -1,23]}) 32. f4 {[%eval 77,26]} ({White should play} 32. Bc6 {[%eval 109,26]}) 32... Bf8 33. b4 Nc7 {[%eval 177,27]} (33... f6 $16 {[%eval 100,25]}) 34. Bb7 {[%eval 137,27]} ({White should try} 34. Bc6 $18 {[%eval 177,27]}) 34... b5 {[%eval 181,27]} (34... f6 $16 {[%eval 137,27] was called for.} 35. Kg2 (35. exf6 Ne8 $14) 35... Kf7) 35. c5 $18 Bg7 36. Kg2 f6 37. exf6 {[%eval 212,28]} (37. Kf3 $142 {[%eval 363,27]}) 37... Bxf6 38. Kf3 d3 $2 {[%eval 416,32] [#]} (38... Kf8 {[%eval 172,26]} 39. Ke4 Ke7) 39. Ke3 Bb2 40. Kxd3 a5 {[%eval 911,25]} (40... Bxa3 $142 {[%eval 401,27]} 41. Kc3 a5) 41. bxa5 Bxa3 42. Kd4 b4 43. a6 $2 {[%eval 312,24]} (43. Be3 {[%eval 832,24]}) 43... b3 44. Kc3 b2 45. Kc2 b1=Q+ 46. Kxb1 {White is clearly winning.} Bxc5 47. g4 Kf7 48. Kc2 h5 {[%eval 787,33]} (48... Ba7 $142 {[%eval 492,29]} 49. Kd3 Nb5) 49. gxh5 gxh5 50. Kd3 Bf2 51. Be3 Bxh4 52. a7 {Weighted Error Value: White=0.38/Black=0.35 Her ble det kluss i noteringen. Svart hadde et ørlite håp om en kjent remisstilling i hjørnet med løper og bonde til hvit, men slik er ikke verden...} 1-0

[Event "Østlandsserien 2023/2024, 2. div. B"]
[Site "Ås, Akershus NOR"]
[Date "2024.03.10"]
[Round "7"]
[White "Skagseth, Håvard M"]
[Black "Aamodt, Peder Marcus"]
[Result "1/2-1/2"]
[WhiteElo "2046"]
[BlackElo "1941"]
[PlyCount "59"]
[EventDate "2023.10.29"]
[WhiteTeam "Bærum Krutt/BS2"]
[BlackTeam "Follo 1"]

1. e4 c5 2. Nf3 e6 3. d4 cxd4 4. Nxd4 Nf6 5. Nc3 Nc6 6. Be3 Bb4 7. Bd3 O-O 8.
O-O d5 9. exd5 exd5 10. Nce2 Ng4 11. Bf4 Qf6 12. Bg3 h5 13. c3 Bc5 14. Nf3 Bd6
15. Bc2 Bxg3 16. hxg3 Be6 17. Nf4 Rad8 18. Qd3 g6 19. Nxe6 Qxe6 20. Bb3 Nge5
21. Nxe5 Nxe5 22. Qd4 Nc6 23. Qf4 Qd6 24. Qxd6 Rxd6 25. Rad1 Rfd8 26. Rd2 Na5 {
Med remistilbud} 27. Rfd1 Nxb3 28. axb3 Kg7 29. f3 Kf6 30. Kf2 1/2-1/2

[Event "Østlandsserien 2023/2024, 2. div. B"]
[Site "Ås, Akershus NOR"]
[Date "2024.03.10"]
[Round "7"]
[White "Lange, David"]
[Black "Leonhardsen, Vebjørn Maanum"]
[Result "1/2-1/2"]
[WhiteElo "1994"]
[BlackElo "1950"]
[PlyCount "46"]
[EventDate "2023.10.29"]
[WhiteTeam "Follo 1"]
[BlackTeam "Bærum Krutt/BS2"]

1. d4 d5 2. Nf3 Nf6 3. e3 Bf5 4. Bd3 Bxd3 5. Qxd3 c6 6. O-O e6 7. Nbd2 Be7 8.
e4 dxe4 9. Nxe4 Nbd7 10. Bf4 Nxe4 11. Qxe4 Nf6 12. Qe2 O-O 13. Rfd1 Qd5 14. c3
Qe4 15. Qxe4 Nxe4 16. Re1 Nf6 17. h3 Rac8 18. Rad1 Rfd8 19. Kf1 Kf8 20. Be5 Nd7
21. Bg3 Nf6 22. Be5 Nd7 23. Bg3 Nf6 1/2-1/2

[Event "Østlandsserien 2023/2024, 2. div. B"]
[Site "Ås, Akershus NOR"]
[Date "2024.03.10"]
[Round "7"]
[White "Walgren, William Arntzen"]
[Black "Lange, Holger"]
[Result "1-0"]
[WhiteElo "1878"]
[BlackElo "1873"]
[PlyCount "55"]
[EventDate "2023.10.29"]
[WhiteTeam "Bærum Krutt/BS2"]
[BlackTeam "Follo 1"]

1. e4 Nf6 2. e5 Nd5 3. d4 d6 4. c4 Nb6 5. f4 dxe5 6. fxe5 Bf5 7. Be3 e6 8. Nc3
Nc6 9. Nf3 Be7 10. d5 Nb8 11. Nd4 Bb4 12. Nxf5 Bxc3+ 13. bxc3 exf5 14. Bd3 Qe7
15. O-O N8d7 16. Bd4 O-O-O 17. Bxf5 Kb8 18. Qb3 Nxe5 19. Rfe1 f6 20. a4 Nbd7
21. Reb1 b6 22. a5 Qd6 23. axb6 cxb6 24. Qa4 Qc7 25. d6 Qxd6 26. Qxa7+ Kc8 27.
Rxb6 Nc6 28. Qa8+ 1-0

[Event "Østlandsserien 2023/2024, 2. div. B"]
[Site "Ås, Akershus NOR"]
[Date "2024.03.10"]
[Round "7"]
[White "Kielland-Lund, Jon"]
[Black "Kleppe, Thrond"]
[Result "1/2-1/2"]
[WhiteElo "1839"]
[BlackElo "1713"]
[PlyCount "78"]
[EventDate "2023.10.29"]
[WhiteTeam "Follo 1"]
[BlackTeam "Bærum Krutt/BS2"]

1. c4 c6 2. e4 d5 3. exd5 cxd5 4. d4 {Panovangrepet!} Nf6 5. Nc3 e6 6. Bg5 Be7 7. c5 Nc6 8. Bb5 O-O 9. Nf3 h6 10. Bf4 Bd7 11. O-O b6 {White is slightly better.} 12. Bxc6 Bxc6 13. b4 bxc5 14. bxc5 Qa5 {[%eval 82,22]} (14... Ne4 $14 {[%eval 31,21]} 15. Nxe4 dxe4) 15. Ne5 $16 Rfc8 16. Nxc6 Rxc6 17. Qb3 Rcc8 18. Rab1 Ne8 19. Rfe1 {White is more active.} Bd8 {[%eval 170,23]} (19... Bg5 $16 {[%eval 85,22]} 20. Bxg5 hxg5) 20. Nxd5 $1 $18 Bf6 21. Nxf6+ Nxf6 22. a3 Nd5 23. Be5 Re8 {[%eval 299,24]} (23... Ne7 {[%eval 213,24] might work better.} 24. Qg3 Nf5) 24. f4 $2 {[%eval 96,24]} (24. Rec1 $18 {[%eval 299,24] has better winning chances.}) 24... Rad8 {[%eval 172,23]} (24... Ne7 $16 {[%eval 96,24]} 25. Qd3 Rad8) 25. Rec1 {Qg3 is the strong threat.} f6 {[#]} 26. Bd6 {[%cal Of4f5] Hoping for f5!} Qd2 {[%csl LRd4,LRf4]} 27. Rc2 {[%eval 1,25] Her overså jeg rett og slett at d4 har mistet dekningen, nei og nei..} (27. Rd1 $16 {[%eval 101,26]} Qe3+ 28. Kh1) 27... Qxd4+ $11 28. Rf2 {[%eval -87,27] [#]} (28. Kh1 $11 {[%eval 1,25]}) 28... Ne3 {[%eval 11,24]} ({Black should try} 28... Nc3 $1 $17 {[%eval -87,27]} 29. Rbb2 Ne4) 29. Qb4 {The position is equal.} Qxb4 30. Rxb4 Nf5 31. Rd2 $132 {[%mdl 2048] White has counterplay} Nxd6 32. cxd6 {[%mdl 4096] Endgame KRR-KRR} Rd7 {Against Rb7} 33. Rc4 Red8 34. Rc7 Rxd6 (34... Kf7 {looks sharper.} 35. g4 Ke8 36. Re2 Kf7) 35. Rxd6 Rxd6 36. Rxa7 Rd2 37. a4 Ra2 38. h4 h5 39. Kh2 Kh7 {White really could win this.  Weighted Error Value: White=0.22 (precise) /Black=0.23 (precise)} 1/2-1/2

[Event "Østlandsserien 2023/2024, 4. div. E"]
[Site "Ås, Akershus NOR"]
[Date "2024.03.10"]
[Round "5"]
[White "Kro, Johan Fuskeland"]
[Black "Furnes, Torstein"]
[Result "1-0"]
[WhiteElo "1620"]
[BlackElo "1806"]
[Annotator "Furnes,Torstein"]
[PlyCount "85"]
[EventDate "2023.10.29"]
[WhiteTeam "Fredriksstad 3"]
[BlackTeam "Follo 2"]

1. e4 c5 2. Nf3 Nc6 3. d4 cxd4 4. Nxd4 e5 5. Nb5 d6 6. N1c3 a6 7. Na3 b5 8. Nd5 Nf6 9. Bg5 Be7 10. Bxf6 Bxf6 11. Be2 O-O 12. O-O Bg5 13. c4 b4 14. Nc2 a5 15. Qd3 Ne7 16. Rfd1 Be6 ({Her mener Stockfish faktisk at svart bare bør gi fra seg d6-bonden.} 16... Nxd5 17. Qxd5 Be6 18. Qxd6 Qxd6 19. Rxd6 Rfc8 20. b3) 17. Nxe7+ Bxe7 18. Ne3 Rc8 19. Bg4 Bxg4 20. Nxg4 Qc7 21. Ne3 Rfd8 22. b3 Bf8 23. Rd2 Rd7 24. Rf1 Qc5 25. Kh1 Re8 26. Nd5 Re6 27. f4 exf4 28. Rxf4 Rd8 29. Rdf2 f6 30. Rf1 Rde8 31. Rf5 Re5 32. Qg3 Kh8 33. Qh3 Rxf5 34. exf5 {Hvit har lenge hatt en behagelig fordel med opptil +2 på det meste. Men de siste trekkene har hvitfordelen sunket og nå overtar svart ledelsen.} Qf2 $1 35. g4 $17 {Dette trekket svekker hvits kongestilling ganske mye.} ({Stockfish liker bedre} 35. Qf3 $11 Qxf3 36. gxf3 Re2 37. Ra1) (35. Rxf2 $4 Re1+ 36. Rf1 Rxf1#) 35... Qxa2 ({Jeg tenkte også litt på} 35... Re1 36. Rxe1 Qxe1+ 37. Kg2 Qe2+ {men kom til at det ble bedre angrepsmuligheter ved å beholde tårnet.}) 36. Nf4 a4 37. bxa4 Qxc4 38. Qf3 b3 ({Jeg vurderte også} 38... Re3 $5) 39. g5 fxg5 40. Ng6+ $1 {Skaper motsjanser og svart må være forsiktig.} hxg6 ({Jeg trenger ikke å ta imot offeret og står ganske trygt etter} 40... Kg8) 41. fxg6 {Svart står til vinst, men finner ikke det nødvendige forsvarstrekket.} Be7 $4 ({Svart vinner etter} 41... g4 $1 42. Qf5 (42. Qxf8+ $2 Rxf8 43. Rxf8+ Qg8 44. Rxg8+ Kxg8 45. Kg2 b2) 42... Qc6+ 43. Kg1 Qc5+) (41... Kg8 $4 {fungerer ikke pga} 42. Qf7+ Qxf7 43. gxf7+ Kh7 44. fxe8=Q) (41... Qf4 $4 {går ikke pga} 42. Qh5+ Kg8 43. Qh7#) (41... Qh4 $4 {kan heller ikke spilles pga} 42. Qxf8+ Rxf8 43. Rxf8#) (41... Qe4 $4 {må forkastes pga} 42. Qxe4 Rxe4 43. Rxf8#) 42. Qh5+ Kg8 43. Qh7# 1-0

[Event "Østlandsserien 2023/2024, 4. div. E"]
[Site "Ås, Akershus NOR"]
[Date "2024.03.10"]
[Round "5"]
[White "Johansen, Anders Sten"]
[Black "Høiom, Jonas"]
[Result "1/2-1/2"]
[WhiteElo "1825"]
[BlackElo "1717"]
[Annotator "Furnes,Torstein"]
[PlyCount "101"]
[EventDate "2023.10.29"]
[WhiteTeam "Follo 2"]
[BlackTeam "Fredriksstad 3"]

1. e4 b6 2. d4 Bb7 3. Bd3 Nf6 4. Qe2 e6 5. Nf3 Be7 6. O-O O-O 7. c3 c5 8. Nbd2 Nc6 9. a3 Rc8 10. Re1 cxd4 11. cxd4 d6 12. b4 Re8 13. Bb2 Nb8 14. Rac1 Rxc1 15. Rxc1 Bf8 16. Nf1 g6 17. Ng3 Bg7 18. h4 h5 19. Ng5 Nh7 20. f4 e5 21. dxe5 dxe5 22. Bc4 Nxg5 23. fxg5 Bc8 24. Rf1 Re7 25. Nxh5 Be6 26. Bxe6 Rxe6 27. Nxg7 Kxg7 28. Qf3 Qc7 29. h5 gxh5 30. Qxh5 Rg6 31. Rf6 Rxf6 32. gxf6+ Kxf6 33. Qf5+ Ke7 34. Qxe5+ Qxe5 35. Bxe5 Nc6 36. Bb2 b5 37. Kf2 a5 38. bxa5 Nxa5 39. Bc3 Nc4 40. Bb4+ Ke6 41. Kf3 {Stillingen har vært jevn de siste trekkene, men etter svarts neste trekk står hvit til vinst.} f5 $18 42. exf5+ $11 {Men nå er stillingen remis igjen.} ({Hvits eneste vinsttrekk var} 42. Kf4 $1 $18) 42... Kxf5 43. g4+ Ke6 44. Ke4 Ne5 45. g5 Nf7 $18 {Nå står hvit til vinst igjen.} (45... Nc4 $11 {var eneste trekk som holder remis.}) 46. g6 Kf6 47. gxf7 Kxf7 48. Kd5 Ke8 {Men etter hvits neste trekk er stillingen remis igjen. I denne typen sluttspill (med randbonde og en løper som ikke dekker forvandlingsfeltet) er det remis dersom kongen rekker å komme til hjørnet. Hvit kan hindre den svarte kongen i å komme til hjørnet dersom løperen kontrollerer diagonalen b8-h2 og kongen står på c6.} 49. Ba5 $11 {Nå rekker kongen å komme seg til hjørnet.} ({Hvit hadde flere vinsttrekk i stillingen, men raskeste vei til matt er} 49. Kc6 $18 Kd8 50. Bd6 Kc8 51. Be5 Kd8 52. Kxb5 Kc8 53. Kc6 {osv}) 49... Kd7 50. Kc5 Kc8 51. Kxb5 1/2-1/2

[Event "Østlandsserien 2023/2024, 4. div. E"]
[Site "Ås, Akershus NOR"]
[Date "2024.03.10"]
[Round "5"]
[White "Ozer, David Gretland"]
[Black "Brenden, Torbjørn"]
[Result "1-0"]
[WhiteElo "1467"]
[BlackElo "1775"]
[PlyCount "55"]
[EventDate "2023.10.29"]
[WhiteTeam "Fredriksstad 3"]
[BlackTeam "Follo 2"]

1. e4 c6 2. d4 d5 3. exd5 cxd5 4. Bd3 Nf6 5. Nf3 Bg4 6. c3 Qc7 7. O-O Nbd7 8.
Nbd2 O-O-O 9. b4 e5 10. dxe5 Nxe5 11. Qc2 Bxf3 12. Nxf3 Nxf3+ 13. gxf3 Bd6 14.
h3 g6 15. Bg5 Be7 16. Rfe1 Rde8 17. Qa4 Bd8 18. Qxa7 Rxe1+ 19. Rxe1 Qxc3 20.
Rc1 Qxc1+ 21. Bxc1 Nd7 22. Qd4 Re8 23. Kg2 Re5 24. Qc3+ Kb8 25. Bf4 Bc7 26.
Bxe5 Bxe5 27. Qb3 Nb6 28. a4 1-0

[Event "Østlandsserien 2023/2024, 4. div. E"]
[Site "Ås, Akershus NOR"]
[Date "2024.03.10"]
[Round "5"]
[White "Kvedalen, Sindre"]
[Black "Hauge, Melvin Rapp"]
[Result "1-0"]
[WhiteElo "1558"]
[BlackElo "1420"]
[PlyCount "139"]
[EventDate "2023.10.29"]
[WhiteTeam "Follo 2"]
[BlackTeam "Fredriksstad 3"]

1. e4 e5 2. Nc3 Nc6 3. Bc4 Nf6 4. Nf3 Bc5 5. O-O O-O 6. d3 d6 7. h3 h6 8. Na4
b6 9. Nxc5 bxc5 10. c3 Bb7 11. Qb3 Rb8 12. Qa3 Nh5 13. Bd5 a6 14. Bxc6 Bxc6 15.
c4 Ra8 16. Be3 Qf6 17. b4 cxb4 18. Qxb4 Nf4 19. Qd2 Ne6 20. Rfe1 a5 21. Qc3 Ng5
22. Nxg5 hxg5 23. Qd2 g4 24. hxg4 Qg6 25. f3 Rfb8 26. d4 Rb7 27. dxe5 dxe5 28.
Bc5 a4 29. Qf2 Qe6 30. Rac1 Rab8 31. Ba3 Rd8 32. Qh4 Re8 33. Red1 Rbb8 34. Qg5
f6 35. Qf5 Qxf5 36. gxf5 Bb7 37. Rd7 Rbc8 38. Bd6 Bc6 39. Rxc7 Rxc7 40. Bxc7
Rc8 41. Bd6 Bb7 42. Rb1 Ba6 43. c5 Rc6 44. Rb6 Rxb6 45. cxb6 Bb7 46. Kf2 Kh7
47. Ke3 g6 48. g4 g5 49. Kd3 Bc6 50. Kc4 Kh6 51. Kc5 Bb7 52. Kb5 Kg7 53. Kxa4
Kf7 54. Kb5 Ke8 55. a4 Kd7 56. Bc7 Bc6+ 57. Ka6 Bxa4 58. b7 Kxc7 59. Ka7 Bd1
60. b8=Q+ Kd7 61. Qb1 Bxf3 62. Qd3+ Ke7 63. Qxf3 Kf7 64. Qh3 Kg7 65. Qh5 Kf8
66. Qh7 Ke8 67. Qg7 Kd8 68. Kb6 Ke8 69. Kc6 Kd8 70. Qd7# 1-0

[Event "Østlandsserien 2023/2024, 5. div."]
[Site "Ås, Akershus NOR"]
[Date "2024.03.10"]
[Round "5"]
[White "Bruvold, Cathrine"]
[Black "Skillestad, Sverre"]
[Result "1-0"]
[WhiteElo "1693"]
[BlackElo "1555"]
[PlyCount "93"]
[EventDate "2023.10.29"]
[WhiteTeam "Offerspill 8"]
[BlackTeam "Follo 3"]

1. d4 d5 2. c4 e6 3. Nf3 Nf6 4. g3 Be7 5. Bg2 O-O 6. O-O dxc4 7. Qc2 Nc6 8. Rd1
Bd6 9. Nbd2 Qe7 10. Nxc4 Rd8 11. a3 Bd7 12. Bg5 h6 13. Bxf6 Qxf6 14. b4 Bf8 15.
b5 Ne7 16. a4 c6 17. Nfe5 cxb5 18. Nxd7 Rxd7 19. Ne5 Rdd8 20. axb5 Nd5 21. e4
Rdc8 22. Qb2 Nc7 23. Nd7 Qe7 24. Nxf8 Rxf8 25. Rd2 Rfd8 26. Rad1 Qd7 27. b6
axb6 28. Qxb6 Rab8 29. d5 e5 30. Bf1 Qd6 31. Rb1 Qxb6 32. Rxb6 Ne6 33. Rdb2 Ng5
34. R2b4 Rd7 35. Kg2 Rc7 36. h4 Nh7 37. d6 Rd7 38. Bb5 Rdd8 39. Bc4 Rd7 40. f4
exf4 41. gxf4 Kf8 42. e5 g5 43. f5 gxh4 44. e6 h3+ 45. Kh2 fxe6 46. fxe6 Rf7
47. e7+ 1-0